| 000 | 00431nam a2200145 4500 | ||
|---|---|---|---|
| 001 | 119751 | ||
| 003 | ES-MaACL | ||
| 007 | t| | ||
| 008 | 070214s1904 xxk r ||||1| eng d | ||
| 100 | 1 |
_aPinero, Arthur W. _992116 |
|
| 245 | 1 | 0 |
_aLetty _b: an original drama in four acts and an epilogue / _cby Arthur W. Pinero. |
| 260 |
_aLondon : _bWilliam Heinemann, _c1904. |
||
| 300 |
_a247 p. ; _c18 x 12 cm. |
||
| 852 |
_aES-MaACL _jG-10107 |
||
| 999 |
_c119751 _d119751 |
||